000 00735na a2200265 4500
001 17647
003 MIRAKIL
005 20181213154842.0
008 161031b tu 000 0
020 _a9786055638863
040 _aMilas
_btur
_cTR-AnCHP
041 _atur
082 _a553.78
_bY44ş 2011
090 _a553.78 Y44ş 2011
100 _aYıldız, Dursun
245 _aŞu Fırat'ın suyu
_cDursun Yıldız, Özdemir Özbay
260 _aİstanbul
_bTruva Yayınları
_c2011
300 _a140 s.
_c19 sm.
440 _aTruva Yayınları
_v351
490 _aTruva/İnceleme-araştırma
_v54
504 _aKaynakça var.
650 _aEkonomi
_zFırat Nehri
651 _aFırat Nehri
_xDenemeler
942 _2dcc
_cBKS
999 _c2002
_d2002